000 00310nam a22001337a 4500
008 260325b ||||| |||| 00| 0 eng d
020 _a9789951059091
041 _aShqip
080 _a821.111
100 _a25
101 _aTregime
245 _aLibri i dytë i Xhunglës
_cRudyard Kipling
942 _2udc
_cBK
999 _c60935
_d60935